00485nam a22001577a 4500999001900000010001300019020002600032037001900058245006800077260003700145270006100182300002300243700002200266700002200288942001700310 c181976d181976 aEN230921 c699.00a9789354224423 aVani Prakashan aAkhtari:cEd. by Yatindra Mishra translation by Maneesha Taneja aNew Delhi bVani Prakashanc2021 a4695, 21-A, Ansari Road, Daryaganj, bNew Delhi e110002 a253p. c24cm (Hb)  aMishra, Yatindra  aTaneja, Maneesha  2ddccENmAKH